000 00391nam a22001217a 4500
082 _a200 THE
100 _aUmair Zulfiqar
_970119
245 _aTH-SOF-1258-Improved Frequency Limited Interval Gramians based Model Order Reduction Techniques
260 _aIslamabad
_bNUST College of EME
_c2016
650 _aMS-ELECT-79 MSTHESIS
700 _aSupervisor Dr. Muwahida Liaquat
942 _cCF
999 _c577153
_d577153